Statistics for Air Bud Franchise

Click here to take the quiz!

General Stats

  • This quiz has been taken 21 times
  • The average score is 8 of 13

Answer Stats

TypeYearNameInfo% Correct
Film1997Air BudDisney
100%
Film2006Air BuddiesDisney
93%
Film1998Air Bud: Golden ReceiverDisney
73%
Film2002Air Bud: Seventh Inning FetchDisney
73%
Film2003Air Bud: Spikes BackDisney
73%
Film2000Air Bud: World PupDisney
67%
Film2009Space BuddiesDisney
60%
Film2008Snow BuddiesDisney
53%
Film2011Spooky BuddiesDisney
53%
Film2013Super BuddiesDisney
53%
Film2012Treasure BuddiesDisney
47%
Film2012Santa Paws 2: The Santa PupsDisney
13%
Film2010The Search for Santa PawsDisney
13%

Score Distribution

Percentile by Number Answered

Percent of People with Each Score

Your Score History

You have not taken this quiz